| 000 | 00803nam a2200205 a 4500 | ||
|---|---|---|---|
| 003 | 0 | ||
| 005 | 20250307105138.0 | ||
| 008 | 101012s19uu xx 00 eng d | ||
| 050 |
_aPHS BF 576 _b.V58 2010 |
||
| 100 | _aVergara, Kate Gil B. | ||
| 245 |
_aEmotional quotient of homogeneous and heterogeneous high school classes of Southville International School and Colleges / _cKate Gil B. Vergara. |
||
| 260 |
_aLas PiƱas City, Philippines : _bSouthville International School and Colleges, _c2010. |
||
| 300 |
_a37 pages : _billustrations ; _c30 cm. |
||
| 504 | _aIncludes bibliographical references. | ||
| 650 | _aEmotional intelligence. | ||
| 650 | _aEmotions in adolescence. | ||
| 650 | _aHeterogeneous grouping in education. | ||
| 650 | _aHomogeneous grouping in education. | ||
| 942 |
_2lcc _cPASS |
||
| 999 |
_c98417 _d98417 |
||